Catálogo público

(Record no. 184540)

MARC details
000 -CABECERA
campo de control de longitud fija 00550nam a2200169Ia 4500
001 - NÚMERO DE CONTROL
campo de control IA_287 p.
008 - DATOS DE LONGITUD FIJA--INFORMACIÓN GENERAL
campo de control de longitud fija 220117s xx 000 0 und d
010 ## - NÚMERO DE CONTROL DE LA BIBLIOTECA DEL CONGRESO
Número de control de LC 184540
440 ## - MENCIÓN DE SERIE/PUNTO DE ACCESO ADICIONAL--TÍTULO
Título Líderes del management
9 (RLIN) 157240
500 ## - NOTA GENERAL
Nota general Título original: The agenda: what every business must do dominate the decade
503 ## - NOTA DE HISTORIA BIBLIOGRÁFICA (BK CF MU) [OBSOLETO]
Nota de historia bibliográfica I. 253778 \ I. 253779
590 ## - NOTA LOCAL (RLIN)
Nota local HD58.8 H36 2006
650 ## - PUNTO DE ACCESO ADICIONAL DE MATERIA--TÉRMINO DE MATERIA
Término de materia o nombre geográfico como elemento de entrada Cambio organizacional
9 (RLIN) 131520
650 ## - PUNTO DE ACCESO ADICIONAL DE MATERIA--TÉRMINO DE MATERIA
Término de materia o nombre geográfico como elemento de entrada Efectividad organizacional
9 (RLIN) 130922
650 ## - PUNTO DE ACCESO ADICIONAL DE MATERIA--TÉRMINO DE MATERIA
Término de materia o nombre geográfico como elemento de entrada Satisfacción del consumidor
9 (RLIN) 157241
700 ## - PUNTO DE ACCESO ADICIONAL--NOMBRE DE PERSONA
Nombre de persona Orbegozo
9 (RLIN) 157242

No items available.